| 000 | 00673nam a22002057a 4500 | ||
|---|---|---|---|
| 005 | 20240530110546.0 | ||
| 008 | 160528s2014 ua a g 000 0 ara d | ||
| 017 | _a2013/37158 | ||
| 040 | _aEG-CaGPL | ||
| 082 | 0 | 4 |
_221 _a070.4\ _bح ص |
| 100 | 0 | _aحسنين شفيق . | |
| 245 | 1 | 0 |
_aصحافة الزمن القادم و صالات تحرير المستقبل / _cحسنين شفيق . |
| 250 | _aط.1 | ||
| 260 |
_aالقاهرة : _bدار فكر و فن ، _c2014 . |
||
| 300 |
_a348 ص ؛ _c24 سم . |
||
| 650 | 0 | 4 | _aالصحافة . |
| 650 | 0 | 4 | _aالصحافة الالكترونية . |
| 942 |
_2ddc _cBK |
||
| 999 |
_c62360 _d62360 |
||